Gares du Haut Rhin - Statistiques

Statistiques générales
  • Ce quiz a été pris 146 fois
  • Le résultat moyen est 24 sur 55
Statistiques - réponses
Nombre de voyageurs Gares % Correct
5 637 668 Mulhouse
98%
234 086 Mulhouse Dornach
98%
4 728 720 Colmar
94%
4 665 Colmar Mésanges
94%
77 046 Colmar Saint Joseph
94%
1 558677 Saint Louis
93%
68 943 Saint Louis la Chaussée
93%
202 260 Thann
77%
60 669 Thann Centre
77%
216 223 Thann Saint Jacques
77%
71 747 Lutterbach
76%
32 742 Kruth
75%
337 401 Altkirch
67%
561 765 Cernay
65%
59 233 Metzeral
63%
196 073 Rixheim
60%
317 532 Rouffach
57%
367 349 Bollwiller
53%
270 683 Munster
49%
18 955 Munster Badischhof
49%
129 259 Bartenheim
44%
222 700 Habsheim
44%
109 937 Dannemarie
42%
261 901 Sierentz
41%
72 439 Saint Amarin
37%
86 402 Staffelfelden
35%
49 445 Turckheim
34%
206 559 Vieux Thann
34%
26 367 Vieux Thann ZI
34%
74 110 Illfurth
32%
51 869 Moosch
31%
27 219 Fellering
28%
7 958 Walheim
27%
75 686 Herrlisheim près Colmar
26%
82 688 Montreux Vieux
26%
12 104 Flaxlanden
25%
78 126 Merxheim
25%
37 735 Bitschwiller
24%
6 682 Bantzenheim
23%
103 033 Graffenwald
23%
51 976 Wesserling
23%
29 665 Oderen
22%
62 329 Raedersheim
21%
18 532 Ranspach
21%
41 410 Willer sur Thur
20%
9 424 Ingersheim
19%
35 233 Zilisheim
17%
44 552 Wihr au Val - Soultzbach
15%
37 333 Logelbach
12%
29 458 Gunsbach - Griesbach
11%
128 021 Saint Gille Lycée Haut Rhin
9%
28 551 Breitenbach
8%
15 411 Luttenbach près Munster
8%
3 249 Walbach
7%
12 413 Muhlbach près Munster
4%
Aucun quiz correspondant
Distribution des résultats
% des personnes avec chaque résultat
Percentile par nombre de réponses
Votre historique - résultats
Vous n’avez pas pris ce quiz